00335pam a2200145 a 4500020002000000041000500020082001000025100002100035245006000056250000800116260002300124300000800147653002000155700001400175 a1-84081-466-7c h a641.5 aDOESER LeAuthor aBEST EVER CHINESE & ASIANcDOESER LhTextual Documents  a1st aLondonbAnness Pub a252 aFood Prodcation eCo-Author